LEADER 06928nam 22008175 450 001 9910298082003321 005 20251113190114.0 010 $a1-4939-0506-6 024 7 $a10.1007/978-1-4939-0506-5 035 $a(CKB)2560000000148657 035 $a(EBL)1730886 035 $a(OCoLC)884587725 035 $a(SSID)ssj0001199600 035 $a(PQKBManifestationID)11677757 035 $a(PQKBTitleCode)TC0001199600 035 $a(PQKBWorkID)11204590 035 $a(PQKB)10826420 035 $a(MiAaPQ)EBC1730886 035 $a(DE-He213)978-1-4939-0506-5 035 $a(PPN)178317268 035 $a(EXLCZ)992560000000148657 100 $a20140418d2014 u| 0 101 0 $aeng 135 $aur|n|---||||| 181 $ctxt 182 $cc 183 $acr 200 10$aAdolescents and Adults with Autism Spectrum Disorders /$fedited by Fred R. Volkmar, Brian Reichow, James C. McPartland 205 $a1st ed. 2014. 210 1$aNew York, NY :$cSpringer New York :$cImprint: Springer,$d2014. 215 $a1 online resource (346 p.) 300 $aDescription based upon print version of record. 311 08$a1-4939-0505-8 320 $aIncludes bibliographical references and index at the end of each chapters. 327 $aForeword; Sir Michael Rutter -- Chapter 1. Introduction to Adolescents and Adults with Autism Spectrum Disorders; Fred R. Volkmar, Brian Reichow, & James C. McPartland -- Chapter 2. Families of Adults with Autism Spectrum Disorders; Mary E. Van Bourgondien, Tamara Dawkins, & Lee Marcus -- Chapter 3. Transition from High School to Adulthood for Adolescents and Young Adults with Autism Spectrum Disorders; Carol Schall, Paul Wehman, & Staci Carr -- Chapter 4. Social Skills Training for Adolescents and Adults with Autism Spectrum Disorders; Elizabeth A. Laugeson & Ruth Ellingsen -- Chapter 5. Romantic Relationships, Sexuality, and Autism Spectrum Disorders; Lynn Kern Koegel, Whitney J. Detar, Amanda Fox, & Robert L. Koegel -- Chapter 6. Employment and Related Services for Adults with Autism Spectrum Disorders; Peter F. Gerhardt, Frank Cicero, & Erik Mayville -- Chapter 7. Innovative Programming to Support College Studentswith Autism Spectrum Disorders; Loraine E. Wolf, Jane Thierfeld Brown, & Sarah Kroesser -- Chapter 8. Adaptive Behavior, Life Skills, and Leisure Skills Training for Adolescents and Adults with Autism Spectrum Disorders; Nicole C. Turygin & Johnny L. Matson -- Chapter 9. Pharmacotherapy of Behavioral Symptoms and Psychiatric Comorbidities in Adolescents and Adults with Autism Spectrum Disorders; Carolyn A. Doyle, Christopher J. McDougle, & Kimberly Stigler -- Chapter 10. Residential Options and Treatment for Individuals on the Autism Spectrum; Paul K. Cavanagh & Ernst O. VanBergeijk -- Chapter 11. Range of Outcomes and Challenges in Middle and Later Life for Adults with Autism Spectrum Disorders; Megan Farley and Bill McMahan -- Chapter 12. Medical and Health Problems in Adults with High-Functioning Autism and Asperger Syndrome; Lillian Burke & Kevin P. Stoddart -- Chapter 13. Unlawful Behaviors in Adolescents and Adults with Autism Spectrum Disorders; Marc Woodbury-Smith -- Chapter 14. Assessment and Treatment Planning in Adults with Autism Spectrum Disorders; Julie M. Wolf & Pamela Ventola -- Chapter 15. The Epidemiology of Autism Spectrum Disorders in Adulthood; Traolach S. Brugha, Freya Tyrer, Fiona Scott, M. John Bankart, Sally Anna Cooper, & Sally McManus -- Chapter 16. A Systematic Review of Psychosocial Interventions for Adults with Autism Spectrum Disorders; Lauren Bishop-Fitzpatrick, Nancy J. Minshew, & Shaun M. Eack. 330 $aThe research on children with autism spectrum disorders (ASD) is extensive and growing. Although these conditions are recognized as affecting the entire lifespan, the literature on ASD after childhood is limited and has not been brought together in a single volume in over a decade. Adolescents and Adults with Autism Spectrum Disorders fills this knowledge gap by focusing on needs and difficulties unique to these stages of development. Expert contributors offer cogent reviews of complex issues, from education to employment, leisure activities to illegal behaviors, mental health issues to medical health concerns. The latest findings in key areas, such as psychosocial and residential treatments, social skills programs, epidemiology, the impact of ASD on families, are examined in detail. Throughout the volume, coverage focuses on areas requiring improved models of assessment, updated data, new interventions, and increased support services. Featured topics include: Transition from high school to adulthood for adolescents and young adults with ASD. Innovative programming to support college students with ASD. Romantic relationships, sexuality, and ASD. Treatment of mental health comorbidities. Assessment and treatment planning in adults with ASD. The range of outcomes and challenges in middle and later life. Adolescents and Adults with Autism Spectrum Disorders is a must-have reference for a wide range of clinicians and practitioners ? as well as researchers and graduate students ? in clinical child, school, and developmental psychology; child and adolescent psychiatry; social work; rehabilitation medicine/therapy; education; and general practice/family medicine. It will also serve as an important resource for parents and caregivers with its focus on translating the current state of knowledge relevant to understanding adolescents and adultswith ASD into practical and relevant recommendations on how best to support them. . 606 $aDevelopmental psychology 606 $aPsychiatry 606 $aSocial service 606 $aEducational psychology 606 $aMedical care 606 $aFamily medicine 606 $aDevelopmental Psychology 606 $aPsychiatry 606 $aSocial Work 606 $aEducational Psychology 606 $aHealth Care 606 $aGeneral Practice and Family Medicine 615 0$aDevelopmental psychology. 615 0$aPsychiatry. 615 0$aSocial service. 615 0$aEducational psychology. 615 0$aMedical care. 615 0$aFamily medicine. 615 14$aDevelopmental Psychology. 615 24$aPsychiatry. 615 24$aSocial Work. 615 24$aEducational Psychology. 615 24$aHealth Care. 615 24$aGeneral Practice and Family Medicine. 676 $a150 676 $a155 676 $a361.3 676 $a370.15 702 $aVolkmar$b Fred R.$4edt$4http://id.loc.gov/vocabulary/relators/edt 702 $aReichow$b Brian$4edt$4http://id.loc.gov/vocabulary/relators/edt 702 $aMcPartland$b James C.$4edt$4http://id.loc.gov/vocabulary/relators/edt 906 $aBOOK 912 $a9910298082003321 996 $aAdolescents and Adults with Autism Spectrum Disorders$91922925 997 $aUNINA LEADER 04208nam 2200949z- 450 001 9911053120803321 005 20230911 035 $a(CKB)5690000000228508 035 $a(oapen)doab113866 035 $a(EXLCZ)995690000000228508 100 $a20230920c2023uuuu -u- - 101 0 $aeng 135 $aurmn|---annan 181 $ctxt$2rdacontent 182 $cc$2rdamedia 183 $acr$2rdacarrier 200 00$aBreeding, Genetics and Safety Production of Dairy Cattle 210 $cMDPI - Multidisciplinary Digital Publishing Institute$d2023 215 $a1 online resource (168 p.) 311 08$a3-0365-8247-9 330 $aThe integration of various omics information-such as DNA, RNA, protein, and epigenetic regulation-brings new opportunities for the mining of important economic traits of animals and the analysis of molecular genetic mechanisms. Over the last three decades, world milk production has increased by more than 59%, from 530 million tonnes to 843 million tonnes. However, the genetic mechanisms behind milk fat traits remain largely undetermined. Milk is rich in fatty acids, proteins, and eight essential amino acids needed by the human body. The fatty acids in milk, namely, dodecylic acid, myristic acid, stearic acid, and palmitic acid, are the main energy substances in the human body, accounting for approximately 5, 10, 8, and 27 % of total fatty acids, respectively. Thus, decoding the genetics of milk fat traits can have a potential impact on product development, international trade, and consumption of milk components. This Special Issue focuses on applying the aforementioned advances to explore gene regulation and its molecular mechanisms in milk fat traits. The topics include but are not limited to: Research and application surrounding the genetic basis of important milk fat traits; Mining and function of excellent genetic resources for milk fat traits; Genetics of nutrition metabolism regulation and efficient production of milk fat; Epigenetic research on genes implicated in milk fat traits; High-throughput sequencing research surrounding genetics of milk fat traits; Construction of gene (including circRNA, lincRNA, miRNA, and mRNA) expression regulatory network maps. 606 $aBiology, life sciences$2bicssc 606 $aResearch & information: general$2bicssc 606 $aTechnology, engineering, agriculture$2bicssc 610 $aalleles 610 $aapoptosis 610 $aAPPs 610 $abeta-oxidation 610 $abovine mammary epithelial cells 610 $abovine mastitis 610 $abreeds 610 $acofilin-1 610 $acofilin-2 610 $acow 610 $acow mammary cells 610 $adairy cattle 610 $aDDIT3 610 $adetection tools 610 $aDNA methylation 610 $adrug resistance 610 $aE. coli 610 $aEscherichia coli 610 $aexpression pattern 610 $afertility 610 $agene expression 610 $agenetic effect 610 $agenetic-load classification 610 $aGPAM 610 $ahaplotype 610 $aheard health status 610 $ahereditary diseases 610 $aHolstein cattle 610 $alipid metabolism 610 $aLycium barbarum polysaccharide 610 $am6A methylation 610 $aMAC-T 610 $amammary epithelial cells 610 $aMAPK signaling 610 $amilk fat 610 $amilk production 610 $amilk production traits 610 $amilk-fat synthesis 610 $amiR-125a 610 $amiR-29 610 $amolecular mechanism 610 $amutations 610 $amyoblast differentiation 610 $an/a 610 $aovarian follicle 610 $aperoxisome 610 $aSAA 610 $aSAA1 610 $aSOCS3 610 $avery long-chain fatty acids 610 $a?-lactams 615 7$aBiology, life sciences 615 7$aResearch & information: general 615 7$aTechnology, engineering, agriculture 906 $aBOOK 912 $a9911053120803321 996 $aBreeding, Genetics and Safety Production of Dairy Cattle$94527493 997 $aUNINA